000 00724ngm a2200169 i 4500
001 C2-0343749
003 PPAK
005 20180727222822.0
008 171122s2017 cc |||| ||||| | vleng d
040 _aPPAK
_beng
_cPPAK
_erda
245 0 0 _aRailroad tigers
264 1 _aChina; Kuala Lumpur :
_bShanghai Film Group; Golden Satellite Distribution Sdn. Bhd. (Malaysia Distributor) ,
_c2017
500 _aSummary : In this action comedy caper reminiscent of Jackie Chan's classic Hong Kong films, a railroad worker and his ragtag group of freedom fighters find themselves on the wrong side of the tracks when they decide to ambush a heavily arm
700 _eauthor
700 1 _aDing, Sheng,
_ecompile
942 _2ddc
_cDVD
999 _c168073
_d168073